Filosofía de la existencia / trad. y pról. de luis rodríguez aranda
Guardado en:
| Autor Principal: | |
|---|---|
| Otros Autores: | |
| Formato: | Libro |
| Publicado: |
Madrid :
Aguilar,
1961
|
| Materias: | |
| Etiquetas: |
Agregar Etiqueta
Sin Etiquetas, Sea el primero en etiquetar este registro!
|
| LEADER | 00665nam a22002055a 4500 | ||
|---|---|---|---|
| 001 | EHU.bham001521 | ||
| 003 | AR-BHAM | ||
| 005 | 20150629152106.0 | ||
| 008 | 130507s1961##################000#0#####d | ||
| 082 | 1 | 4 | |a 149 |
| 100 | 1 | |a Jaspers, Karl | |
| 245 | 1 | 0 | |a Filosofía de la existencia / |b trad. y pról. de luis rodríguez aranda |c Karl Jaspers : |
| 260 | |a Madrid : |b Aguilar, |c 1961 | ||
| 300 | |a 155 p. | ||
| 500 | |a Reposición: 29/06/15 | ||
| 653 | |a Existencia-filosofía de la | ||
| 653 | |a Colección mingorance | ||
| 653 | |a Filosofía alemana | ||
| 700 | 1 | |a Rodríguez Aranda, Luis, trad. y pról. | |
| 859 | |a AR-BHAM |b BIB. HUMANIDADES - General |h 149 |i J312-2 |p 473.88 |t Ej.1 | ||
